| 000 | 00600nam a2200181 i 4500 | ||
|---|---|---|---|
| 001 | 179864 | ||
| 003 | ES-MaACL | ||
| 005 | 20230906220928.0 | ||
| 008 | 120215s1870 fr |||| | fre d | ||
| 100 | 1 |
_aNoir, Louis ( _d1837-1901) _9149367 |
|
| 245 | 1 | 2 |
_aL'art de battre les prussiens / _cLouis Noir. |
| 260 |
_aParis : _bA. Degorce-Cadot, _c[1870?] |
||
| 300 |
_a140, 16 p. ; _c19 cm. |
||
| 500 | _aLas 16 p., son catálogo editorial. | ||
| 650 | 4 |
_aSadowa, Batalla de, 1866. _9149368 |
|
| 650 | 4 |
_aGuerra austro-prusiana, 1866. _9147715 |
|
| 852 |
_aES-MaACL _jD-2907 _z.- Legado M. de la Fuente |
||
| 999 |
_c179864 _d179864 |
||